Culture Générale - Série 2213 - Statistiques

Statistiques générales
  • Ce quiz a été pris 122 fois
  • Le résultat moyen est 6 sur 10
Statistiques - réponses
Question Réponse % Correct
Pour combien d'années le Président de la République française est-il élu ? 5
100%
Dans quel pays se situe le lac de Côme ? Italie
94%
Comment s'appelle la fusée européenne porteuse de satellites qui décolle de Guyane ? Ariane
87%
A quel art est associé Yann Arthus-Bertrand ? voir photographie photographie
83%
Quel styliste et grand créateur de mode a fait la publicité du gilet jaune pour la sécurité routière française en 2008 ? - prénom et nom Karl Lagerfeld
60%
Quel nom porte le bonhomme de neige dans le film "La reine des neiges" ? Olaf
57%
Quelle est la capitale de la République centrafricaine ? Bangui
54%
Quel chanteur a interprété la chanson "Flo" en duo avec la navigatrice Florence Arthaud ? prénom et nom Pierre Bachelet
38%
Quelle ville du Vaucluse a été surnommée "La cité des princes" ? Orange
29%
Quel est le nom de scène de la chanteuse Isabelle Geffroy ? Zaz
20%
Aucun quiz correspondant
Distribution des résultats
% des personnes avec chaque résultat
Percentile par nombre de réponses
Votre historique - résultats
Vous n’avez pas pris ce quiz